Gaming Quiz

Random Gaming or Pokémon Quiz

Original 151 Pokémon in Order Quiz Stats

Quiz Updated Jul 27, 2016

Challenge
Share
Tweet
Embed
Score 0/151 Timer 20:00
1 Play Today
# Name % Correct
001Bulbasaur
98.6%
002Ivysaur
95.6%
004Charmander
95.3%
006Charizard
94.3%
007Squirtle
94.1%
005Charmeleon
93.7%
009Blastoise
93.1%
008Wartortle
92.6%
003Venusaur
92%
010Caterpie
91%
012Butterfree
90.6%
011Metapod
90.3%
016Pidgey
89.8%
013Weedle
89.7%
015Beedrill
89.4%
018Pidgeot
89.3%
014Kakuna
89.2%
017Pidgeotto
89.2%
025Pikachu
87.7%
026Raichu
86.8%
021Spearow
86.1%
022Fearow
86%
019Rattata
85.7%
020Raticate
85.2%
023Ekans
81.5%
024Arbok
81.4%
029Nidoran♀
78.3%
027Sandshrew
78.2%
031Nidoqueen
78.2%
034Nidoking
78.1%
028Sandslash
78.1%
032Nidoran♂
78.1%
030Nidorina
78%
033Nidorino
77.8%
037Vulpix
74.2%
043Oddish
74.1%
063Abra
73.7%
064Kadabra
73.6%
044Gloom
73.6%
065Alakazam
73.5%
045Vileplume
73.2%
066Machop
72.9%
068Machamp
72.9%
038Ninetales
72.8%
067Machoke
72.8%
074Geodude
72.5%
076Golem
71.8%
075Graveler
71.8%
092Gastly
71.2%
041Zubat
71.1%
093Haunter
71%
# Name % Correct
042Golbat
71%
094Gengar
70.6%
061Poliwhirl
69.8%
060Poliwag
69.6%
062Poliwrath
69.6%
035Clefairy
69.5%
050Diglett
69.4%
051Dugtrio
69.4%
036Clefable
69.4%
059Arcanine
69.3%
058Growlithe
69.3%
039Jigglypuff
68.8%
081Magnemite
68.7%
040Wigglytuff
68.6%
151Mew
68.4%
082Magneton
68.3%
069Bellsprout
68.2%
077Ponyta
68.1%
150Mewtwo
68%
078Rapidash
67.9%
048Venonat
67.9%
049Venomoth
67.8%
070Weepinbell
67.3%
046Paras
67.1%
047Parasect
67%
056Mankey
66.9%
149Dragonite
66.9%
071Victreebel
66.5%
057Primeape
66.4%
147Dratini
66.4%
072Tentacool
66.4%
073Tentacruel
66.3%
148Dragonair
66.3%
145Zapdos
66.2%
144Articuno
66.2%
146Moltres
66%
106Hitmonlee
65.8%
107Hitmonchan
65.5%
086Seel
65.3%
087Dewgong
64.8%
095Onix
64.3%
052Meowth
64.1%
100Voltorb
64%
053Persian
63.9%
101Electrode
63.5%
097Hypno
62.4%
096Drowzee
62.2%
126Magmar
62%
124Jynx
61.9%
125Electabuzz
61.9%
054Psyduck
61.7%
# Name % Correct
055Golduck
61.6%
133Eevee
61.4%
134Vaporeon
61.2%
136Flareon
61.1%
135Jolteon
61%
089Muk
60.7%
088Grimer
60.6%
142Aerodactyl
60.3%
140Kabuto
60.1%
141Kabutops
60%
079Slowpoke
59.6%
080Slowbro
59.6%
123Scyther
59.5%
091Cloyster
58.7%
129Magikarp
58.7%
138Omanyte
58.7%
139Omastar
58.5%
090Shellder
58.5%
083Farfetch'd
57.8%
130Gyarados
57.8%
084Doduo
57.4%
085Dodrio
57.3%
131Lapras
57.2%
109Koffing
56.8%
127Pinsir
56.8%
110Weezing
56.8%
102Exeggcute
56.2%
120Staryu
56.1%
121Starmie
56.1%
118Goldeen
55.9%
103Exeggutor
55.9%
119Seaking
55.7%
143Snorlax
55.4%
112Rhydon
55.4%
122Mr. Mime
55.3%
111Rhyhorn
55.3%
116Horsea
54.6%
117Seadra
54.2%
114Tangela
53.6%
113Chansey
51.8%
098Krabby
51.7%
128Tauros
51.6%
099Kingler
51.5%
104Cubone
51.2%
105Marowak
51%
115Kangaskhan
50.9%
137Porygon
48.8%
132Ditto
48.5%
108Lickitung
47.9%

You're not logged in!

Compare scores with friends on all Sporcle quizzes.
Sign Up with Email
OR
Log In

You Might Also Like...

Show Comments

Extras

Top Quizzes Today


Score Distribution

Your Account Isn't Verified!

In order to create a playlist on Sporcle, you need to verify the email address you used during registration. Go to your Sporcle Settings to finish the process.

Report this User

Report this user for behavior that violates our Community Guidelines.

Details: